01246nam a2200301Ia 450000500170000000800410001702000150005810000390007324500570011225000180016930000250018750000420021252002660025452100290052065000390054965000430058865000360063165000380066765000390070594200150074426400360075933600270079533700330082233800280085504000350088308400110091899900150092920220317001411.0161108s2004 ck g 000 0 spa  a95814036121 aSoto Aparicio, Fernandod1933-201613aLa noche del girasolbnovelacFernando Soto Aparicio a1a. edición a250 páginasc21 cm aIncluye datos biográficos del autor aNovela que conjuga actualidad y suspenso, poesía y erotismo, felicidad y tragedia. Ángeles y Fontana, las dos mujeres que con su pasión tejen la red que atrapa al lector, reinventan el mundo y le dan dimensiones especiales a la vida, el amor y a la muerte aRecomendado para adultos142LEMBaNovela colombiana ySiglo XX142LEMBaLiteratura colombiana ySiglo XX142LEMBaMujeres en la literatura 142LEMB aSuspenso en la literatura 142LEMB aFelicidad en la literatura  2loccBKLIT aBogotábPlaza & Janésc2004 atextobtxt2rdacontent asin mediaciónbn2rdamedia avolumenbnc2rdacarrier aCO-BoRNBPbspaerdacCO-BoRNBP aN SOT2 c6869d6869